000 00882nam a22002291i 4500
001 179663
003 ES-MaACL
005 20250730024621.0
008 111230s1932 sp |||| | spa d
100 1 _aPaz Maroto, José.
_989776
245 1 0 _aOrientación técnico-sanitaria más conveniente para el saneamiento rural en España /
_cpor José Paz y Maroto.
260 _aMadrid :
_bSociedad Española de Higiene,
_c1932.
300 _a61 p. ;
_c22 cm.
490 1 _aLegado Roel: colección de memorias premiadas ;
_v42
594 _aConcurso de 1931-1932.
650 4 _aSalubridad pública-
_zEspaña.
_9149328
650 4 _aSalud rural.
_916977
710 2 _aSociedad Española de Higiene.
_96725
830 1 0 _aLegado Roel: Colección de memorias premiadas
_v42
_9183286
852 _aES-MaACL
_jC-8172(15)
_z- Enc. con otras obras
999 _c179663
_d179663